| 000 | 01942nam a22002657a 4500 | ||
|---|---|---|---|
| 999 |
_c12055 _d12055 |
||
| 003 | Ge_BSU | ||
| 005 | 20191218160430.0 | ||
| 008 | 181216s2018 ge ||||| |||| 00| 0 geo d | ||
| 020 | _a9789941263835 | ||
| 022 | _a2298-0776 | ||
| 041 | _ageo | ||
| 080 | _a94(479.223)(063) ს-25 | ||
| 245 |
_aსამხრეთ-დასავლეთი საქართველო (ისტორია, არქეოლოგია, ეთნოლოგია) საერთაშორისო სამეცნიერო კონფერენციის მასალები : _bIX / _cსარედ. საბჭო : მაია ივანიშვილი, თამაზ ფუტკარაძე და [სხვ..] ; აჭარის ავტონომიური რესპუბლიკის მთავრობის საქვეუწყებო დაწესებულება - საარქივო სამმართველო. |
||
| 264 |
_aთბილისი : _b"უნივერსალი", _c2019. |
||
| 300 |
_a408 გვ. : _bილ. ; _c20 სმ. |
||
| 504 | _aბიბლიოგრ. ტექსტების ბოლოს. | ||
| 546 | _aპარალ. სათაური ინგლ. ენაზე | ||
| 653 | _aსაქართველოს ისტორია | ||
| 653 | _aარქეოლოგია | ||
| 653 | _aეთნოლოგია | ||
| 700 |
_aივანიშვილი, მაია _955 _eრედაქტორი |
||
| 700 |
_aფუტკარაძე, თამაზ _956 _eრედაქტორი |
||
| 710 |
_aაჭარის ავტონომიური რესპუბლიკის მთავრობის საქვეუწყებო დაწესებულება - საარქივო სამმართველო. _957 |
||
| 942 |
_2udc _cBK |
||